[Event "AUT-chT2O 2223"]
[Site "Austria"]
[Date "2023.01.22"]
[Round "7.2"]
[White "Wiedner, Robert"]
[Black "Schmidrathner, Christian"]
[Result "1/2-1/2"]
[WhiteElo "2109"]
[BlackElo "2021"]
[PlyCount "94"]
[EventDate "2022.10.15"]
[EventType "team-tourn"]
[EventRounds "11"]
[EventCountry "AUT"]
[SourceTitle "CBM 213 Extra"]
[Source "ChessBase"]
[SourceDate "2023.05.31"]
[SourceVersion "1"]
[SourceVersionDate "2023.05.31"]
[SourceQuality "1"]
[WhiteTeam "Mattersburg"]
[BlackTeam "Pressbaum"]
[WhiteTeamCountry "AUT"]
[BlackTeamCountry "AUT"]

1. c4 e5 2. Nf3 e4 3. Nd4 c6 4. Nc3 d5 5. cxd5 cxd5 6. d3 Nf6 7. Bg5 Be7 8. e3 0-0 9. Qc2 exd3 10. Bxd3 h6 11. Bh4 Nc6 12. Nxc6 bxc6 13. 0-0 Be6 14. Rfd1 Qb6 15. Rac1 Rfc8 16. Na4 Qb4 17. Bg3 c5 18. Ba6 Rd8 19. a3 Qg4 20. Nxc5 Bf5 21. Qe2 Bxc5 22. Rxc5 Qxe2 23. Bxe2 Be6 24. Ba6 Ne4 25. Rc7 Nxg3 26. hxg3 Rd6 27. Bb7 Rb8 28. b4 Kf8 29. b5 Rd7 30. Rxd7 Bxd7 31. Bxd5 Bxb5 32. Rb1 Rb6 33. Rc1 Ra6 34. Rc7 Be8 35. Rc3 Ke7 36. f4 Bd7 37. Kf2 Be6 38. Ba8 Kd6 39. e4 f6 40. Kf3 g5 41. Ke3 Bd7 42. Rd3+ Ke7 43. Kd4 Bb5 44. Rb3 Bf1 45. e5 Ra4+ 46. Ke3 gxf4+ 47. gxf4 fxe5 1/2-1/2

[Event "AUT-chT2O 2223"]
[Site "Austria"]
[Date "2022.10.16"]
[Round "2.3"]
[White "Schmidrathner, Christian"]
[Black "Kuthan, Andreas"]
[Result "1-0"]
[WhiteElo "2021"]
[BlackElo "2205"]
[PlyCount "41"]
[EventDate "2022.10.15"]
[EventType "team-tourn"]
[EventRounds "11"]
[EventCountry "AUT"]
[SourceTitle "EXT 2024"]
[Source "ChessBase"]
[SourceDate "2023.10.10"]
[SourceVersion "1"]
[SourceVersionDate "2023.10.10"]
[SourceQuality "1"]
[WhiteTeam "Pressbaum"]
[BlackTeam "Pamhagen"]
[WhiteTeamCountry "AUT"]
[BlackTeamCountry "AUT"]

1. e4 e6 2. d4 d5 3. Nd2 c5 4. exd5 Qxd5 5. Ngf3 cxd4 6. Bc4 Qd6 7. 0-0 Nf6 8. Nb3 Nc6 9. Nbxd4 Nxd4 10. Nxd4 a6 11. Re1 Qc7 12. Bf1 Bc5 13. c3 0-0 14. Bg5 Nd5 15. Bd3 Bd7 16. Re4 f6 17. Bd2 e5 18. Rh4 f5 19. Bc4 Qd6 20. Nb3 Bb6 21. Be3 1-0

[Event "AUT-chT2O 2122"]
[Site "Austria"]
[Date "2022.04.03"]
[Round "11.3"]
[White "Karner, Daniel"]
[Black "Schmidrathner, Christian"]
[Result "1-0"]
[WhiteElo "1801"]
[BlackElo "2074"]
[PlyCount "81"]
[EventDate "2021.10.16"]
[EventType "team-tourn"]
[EventRounds "11"]
[EventCountry "AUT"]
[SourceTitle "EXT 2023"]
[Source "ChessBase"]
[SourceDate "2022.10.05"]
[SourceVersion "1"]
[SourceVersionDate "2022.10.05"]
[SourceQuality "1"]
[WhiteTeam "Poechlarn"]
[BlackTeam "Pressbaum"]
[WhiteTeamCountry "AUT"]
[BlackTeamCountry "AUT"]

1. e4 c5 2. Nf3 d6 3. d4 cxd4 4. Nxd4 Nf6 5. Nc3 g6 6. Be3 Bg7 7. f3 0-0 8. Qd2 Nc6 9. 0-0-0 d5 10. Qe1 e5 11. Nxc6 bxc6 12. exd5 Nxd5 13. Bc4 Be6 14. Ne4 Qc7 15. Bc5 Rfd8 16. g4 h6 17. h4 Bf8 18. Bxd5 cxd5 19. Nf6+ Kg7 20. Bxf8+ Kxf8 21. Qe3 Kg7 22. g5 h5 23. Rhe1 Rac8 24. Rd2 e4 25. Qd4 Kf8 26. fxe4 dxe4 27. Qxe4 Rxd2 28. Kxd2 Qa5+ 29. Kc1 Qxa2 30. Qb4+ Kg7 31. Qd4 Qc4 32. Nxh5+ Kf8 33. Qd6+ Kg8 34. Nf6+ Kg7 35. Qh2 Bf5 36. Re2 Qa2 37. Ne8+ Kh7 38. Nf6+ Kh8 39. Qc7 Kg7 40. Qxc8 Bxc8 41. Re8 1-0

[Event "AUT-chT2O 2122"]
[Site "Austria"]
[Date "2022.03.13"]
[Round "9.5"]
[White "Schmidrathner, Christian"]
[Black "Weichhart, Daniel"]
[Result "0-1"]
[WhiteElo "2074"]
[BlackElo "1862"]
[PlyCount "90"]
[EventDate "2021.10.16"]
[EventType "team-tourn"]
[EventRounds "11"]
[EventCountry "AUT"]
[SourceTitle "EXT 2023"]
[Source "ChessBase"]
[SourceDate "2022.10.05"]
[SourceVersion "1"]
[SourceVersionDate "2022.10.05"]
[SourceQuality "1"]
[WhiteTeam "Pressbaum"]
[BlackTeam "Krems Voest"]
[WhiteTeamCountry "AUT"]
[BlackTeamCountry "AUT"]

1. e4 e6 2. d4 d5 3. Nd2 c5 4. exd5 Qxd5 5. Ngf3 cxd4 6. Bc4 Qd7 7. 0-0 Nc6 8. Qe2 Nf6 9. Rd1 a6 10. a4 Qc7 11. Nb3 Bd6 12. h3 0-0 13. Nbxd4 Nxd4 14. Rxd4 e5 15. Rd1 h6 16. Be3 Bf5 17. c3 Rac8 18. Ba2 Qe7 19. Rac1 Bd7 20. a5 e4 21. Nd2 Bb5 22. c4 Qe5 23. Nf1 Bc6 24. Qd2 Bc7 25. b4 Ba4 26. Re1 Rfd8 27. Qc3 Qh5 28. Bb1 Be5 29. Qa3 Bd1 30. Bb6 Rd7 31. Ng3 Bxg3 32. fxg3 Bg4 33. Bxe4 Be6 34. g4 Qg5 35. Bc5 Nxe4 36. Rxe4 Qd2 37. Qe3 Qb2 38. Qc3 Rd1+ 39. Kh2 Qxc1 40. Qe5 Qg5 41. Qg3 Qf6 42. Qe3 Rcd8 43. b5 axb5 44. cxb5 Qa1 45. Bb6 R8d3 0-1

[Event "AUT-chT2O 2122"]
[Site "Austria"]
[Date "2022.02.13"]
[Round "5.4"]
[White "Schmidrathner, Christian"]
[Black "Sadilek, Maximilian"]
[Result "0-1"]
[WhiteElo "2074"]
[BlackElo "2289"]
[PlyCount "124"]
[EventDate "2021.10.16"]
[EventType "team-tourn"]
[EventRounds "11"]
[EventCountry "AUT"]
[SourceTitle "EXT 2023"]
[Source "ChessBase"]
[SourceDate "2022.10.05"]
[SourceVersion "1"]
[SourceVersionDate "2022.10.05"]
[SourceQuality "1"]
[WhiteTeam "Pressbaum"]
[BlackTeam "Tschaturanga"]
[WhiteTeamCountry "AUT"]
[BlackTeamCountry "AUT"]

1. e4 e5 2. Nf3 Nc6 3. d4 exd4 4. Nxd4 g6 5. Nxc6 bxc6 6. Qd4 Qf6 7. Qxf6 Nxf6 8. Bd3 d5 9. 0-0 Nxe4 10. Re1 Be6 11. Bxe4 dxe4 12. Rxe4 Bg7 13. Nc3 0-0 14. Bd2 Rab8 15. b3 Rfd8 16. Be1 Rd6 17. Rd1 Rbd8 18. Rxd6 cxd6 19. Ne2 Bf5 20. Rc4 Re8 21. Kf1 c5 22. Ng3 Bd7 23. Re4 d5 24. Rxe8+ Bxe8 25. Bd2 Bb5+ 26. Ke1 Bc6 27. Ne2 f5 28. Bf4 Bf8 29. f3 Kf7 30. Kd2 Be7 31. Kd3 g5 32. Bb8 a6 33. c4 dxc4+ 34. bxc4 Ke6 35. h3 h5 36. Bc7 h4 37. Ba5 Kd6 38. Ke3 Bf6 39. Kf2 Bd7 40. f4 g4 41. hxg4 fxg4 42. Bc3 Bxc3 43. Nxc3 Bc6 44. Nd1 g3+ 45. Kg1 Ke6 46. Ne3 Be4 47. Kf1 Kf6 48. Kg1 Kg6 49. Kf1 Kh5 50. Kg1 Bd3 51. a3 Kg6 52. Kh1 Kf6 53. Kg1 Ke6 54. Kh1 Kd6 55. Kg1 Kc6 56. Kh1 Kb6 57. Kg1 Ka5 58. f5 Ka4 59. f6 Bg6 60. Ng4 Kxa3 61. Ne5 Bh5 62. Nc6 Kb3 0-1

[Event "AUT-ch Blitz"]
[Site "Graz"]
[Date "2021.06.06"]
[Round "1"]
[White "Schmidrathner, Christian"]
[Black "Blohberger, Felix"]
[Result "0-1"]
[WhiteElo "2074"]
[BlackElo "2475"]
[PlyCount "90"]
[EventDate "2021.06.06"]
[EventType "swiss (blitz)"]
[EventRounds "11"]
[EventCountry "AUT"]
[SourceTitle "CBM 202 Extra"]
[Source "ChessBase"]
[SourceDate "2021.07.31"]
[SourceVersion "1"]
[SourceVersionDate "2021.07.31"]
[SourceQuality "1"]

1. e4 c5 2. Nf3 d6 3. d4 cxd4 4. Nxd4 Nf6 5. Nc3 a6 6. f3 e5 7. Nb3 Be7 8. Be3 Be6 9. Qd2 0-0 10. 0-0-0 a5 11. Bb5 Na6 12. g4 Nc7 13. Ba4 b5 14. Nxb5 Nxb5 15. Bxb5 a4 16. Na1 Qb8 17. c4 Rc8 18. Nc2 Bxc4 19. Bxc4 Rxc4 20. g5 Nd7 21. Qd3 Qc7 22. Kb1 Rb8 23. Na3 Rcb4 24. Rd2 Qb7 25. Nc4 d5 26. Qxd5 Qxd5 27. Rxd5 Rxc4 28. Rxd7 Ba3 29. Rhd1 Rxb2+ 30. Ka1 Rcc2 31. Rd8+ Bf8 32. Bc1 Rxa2+ 33. Kb1 h6 34. gxh6 gxh6 35. Rg1+ Rg2 36. Rxg2+ Rxg2 37. Ba3 Rxh2 38. Bxf8 Kh7 39. Rd7 Kg6 40. Bd6 f6 41. Bc7 Rf2 42. Rd6 Rxf3 43. Ra6 Kg5 44. Rxa4 h5 45. Bd8 h4 0-1

[Event "AUT-ch Rapid"]
[Site "Graz"]
[Date "2021.06.04"]
[Round "2"]
[White "Schmidrathner, Christian"]
[Black "Blohberger, Felix"]
[Result "0-1"]
[WhiteElo "2074"]
[BlackElo "2475"]
[PlyCount "50"]
[EventDate "2021.06.04"]
[EventType "swiss (rapid)"]
[EventRounds "9"]
[EventCountry "AUT"]
[SourceTitle "CBM 202 Extra"]
[Source "ChessBase"]
[SourceDate "2021.07.31"]
[SourceVersion "1"]
[SourceVersionDate "2021.07.31"]
[SourceQuality "1"]

1. e4 c5 2. Nf3 d6 3. d4 cxd4 4. Nxd4 Nf6 5. Nc3 a6 6. f3 e5 7. Nb3 Be6 8. Be3 Be7 9. Qd2 0-0 10. g4 d5 11. g5 d4 12. gxf6 Bxf6 13. 0-0-0 dxe3 14. Qxd8 Rxd8 15. Rxd8+ Bxd8 16. Nc5 Nc6 17. Nxe6 fxe6 18. Ne2 Bg5 19. c3 Kf7 20. Bg2 Rc8 21. Rd1 Nd4 22. Bf1 Ke7 23. Kb1 Nxf3 24. Bh3 Rf8 25. c4 Nd2+ 0-1

[Event "Niederoesterreich Landesliga 1920"]
[Site "Austria"]
[Date "2020.01.12"]
[Round "5.1"]
[White "Schmidrathner, Christian"]
[Black "Peyrer, Konstantin"]
[Result "1/2-1/2"]
[WhiteElo "2092"]
[BlackElo "2260"]
[PlyCount "111"]
[EventDate "2019.09.22"]
[EventType "team-tourn"]
[EventRounds "9"]
[EventCountry "AUT"]
[SourceTitle "CBM 195 Extra"]
[Source "ChessBase"]
[SourceDate "2020.05.31"]
[SourceVersion "1"]
[SourceVersionDate "2020.05.31"]
[SourceQuality "1"]
[WhiteTeam "Bisamberg/Korneuburg"]
[BlackTeam "Kottingbrunn"]
[WhiteTeamCountry "AUT"]
[BlackTeamCountry "AUT"]

1. e4 g6 2. d4 Bg7 3. Nc3 d6 4. f4 a6 5. Nf3 b5 6. a3 Bb7 7. Bd3 c5 8. dxc5 dxc5 9. e5 c4 10. Be4 Qxd1+ 11. Kxd1 Nc6 12. Ke2 e6 13. Be3 f5 14. Bxc6+ Bxc6 15. Ng5 Bd7 16. Rhd1 Ne7 17. Bc5 Rc8 18. Bb4 Rc7 19. a4 bxa4 20. Nxa4 Nd5 21. Bd6 Rb7 22. Rd4 Nb4 23. Kd2 h6 24. Nf3 Nd5 25. Rxc4 g5 26. Nc5 Rxb2 27. Nxd7 Kxd7 28. Rxa6 Rb7 29. fxg5 hxg5 30. Ba3 Rc7 31. Rxc7+ Nxc7 32. Ra7 Bf8 33. Bxf8 Rxf8 34. Nxg5 Rg8 35. h4 Rh8 36. g3 f4 37. Rxc7+ Kxc7 38. Nxe6+ Kc6 39. Nxf4 Rg8 40. Ne2 Kd5 41. Ke3 Kxe5 42. c3 Rg7 43. Kf3 Rf7+ 44. Kg4 Ke4 45. h5 Rg7+ 46. Kh4 Kf5 47. Nd4+ Kf6 48. g4 Rc7 49. Ne2 Rc4 50. Ng3 Kg7 51. Kg5 Rxc3 52. h6+ Kh8 53. Ne4 Rc6 54. Nf6 Rc5+ 55. Kg6 Rg5+ 56. Kxg5 1/2-1/2

[Event "AUT-chT2O 1920"]
[Site "Austria"]
[Date "2019.12.07"]
[Round "5.6"]
[White "Schmidrathner, Christian"]
[Black "Jirovec, Alfred"]
[Result "0-1"]
[WhiteElo "2092"]
[BlackElo "2006"]
[PlyCount "68"]
[EventDate "2019.10.19"]
[EventType "team-tourn"]
[EventRounds "11"]
[EventCountry "AUT"]
[SourceTitle "CBM 193 Extra"]
[Source "ChessBase"]
[SourceDate "2020.01.31"]
[SourceVersion "1"]
[SourceVersionDate "2020.01.31"]
[SourceQuality "1"]
[WhiteTeam "Pressbaum"]
[BlackTeam "Wiener Amateur CC"]
[WhiteTeamCountry "AUT"]
[BlackTeamCountry "AUT"]

1. e4 e6 2. d4 d5 3. Nd2 Nf6 4. e5 Nfd7 5. Bd3 c5 6. c3 cxd4 7. cxd4 Nc6 8. Ne2 Be7 9. 0-0 Qb6 10. Nf3 f6 11. exf6 Nxf6 12. Nc3 Bd7 13. Bf4 a6 14. Qd2 Rc8 15. Rac1 0-0 16. Bb1 Qd8 17. a3 Na5 18. Qd3 Nc4 19. Bg5 g6 20. Bh6 Nxb2 21. Qe2 Nc4 22. Bxf8 Bxf8 23. Bd3 Bxa3 24. Rc2 Bf8 25. Nb1 b5 26. Ne5 Be8 27. Ra2 Qb6 28. Ng4 Bg7 29. Re1 Bf7 30. Ne5 Nxe5 31. dxe5 Nd7 32. Rc2 Rf8 33. Rec1 Nxe5 34. Rc8 Be8 0-1

[Event "AUT-chT 1819"]
[Site "Austria"]
[Date "2019.04.01"]
[Round "11.6"]
[White "Schmidrathner, Christian"]
[Black "Kavcic, Zan"]
[Result "1/2-1/2"]
[WhiteElo "2088"]
[BlackElo "2379"]
[PlyCount "59"]
[EventDate "2018.11.15"]
[EventType "team-tourn"]
[EventRounds "11"]
[EventCountry "AUT"]
[SourceTitle "CBM 189 Extra"]
[Source "ChessBase"]
[SourceDate "2019.06.03"]
[SourceVersion "1"]
[SourceVersionDate "2019.06.03"]
[SourceQuality "1"]
[WhiteTeam "Pressbaum/Eichgraben"]
[BlackTeam "Raika Feffernitz"]
[WhiteTeamCountry "AUT"]
[BlackTeamCountry "AUT"]

1. e4 c5 2. Nf3 Nc6 3. d4 cxd4 4. Nxd4 Nf6 5. Nc3 d6 6. Bg5 e6 7. Qd2 h6 8. Bxf6 gxf6 9. 0-0-0 Nxd4 10. Qxd4 a6 11. Be2 Be7 12. Kb1 Qa5 13. Qa4+ Qxa4 14. Nxa4 Bd7 15. Nb6 Rd8 16. Nxd7 Rxd7 17. Rd3 Bd8 18. Rhd1 Rg8 19. g3 Ke7 20. f4 Bb6 21. a3 Rgd8 22. Bf3 Ba7 23. c3 Rc8 24. R1d2 Rcc7 25. b3 Bc5 26. Kb2 Ba7 27. Bd1 Rc8 28. g4 Bb8 29. f5 Rdd8 30. Bf3 1/2-1/2

[Event "AUT-chT 1819"]
[Site "Austria"]
[Date "2019.03.31"]
[Round "9.6"]
[White "Schmidrathner, Christian"]
[Black "Dietmayer Kraeutler, Marco"]
[Result "0-1"]
[WhiteElo "2088"]
[BlackElo "2296"]
[PlyCount "50"]
[EventDate "2018.11.15"]
[EventType "team-tourn"]
[EventRounds "11"]
[EventCountry "AUT"]
[SourceTitle "CBM 189 Extra"]
[Source "ChessBase"]
[SourceDate "2019.06.03"]
[SourceVersion "1"]
[SourceVersionDate "2019.06.03"]
[SourceQuality "1"]
[WhiteTeam "Pressbaum/Eichgraben"]
[BlackTeam "St Veit"]
[WhiteTeamCountry "AUT"]
[BlackTeamCountry "AUT"]

1. e4 e5 2. Nf3 Nc6 3. Bb5 a6 4. Bxc6 dxc6 5. 0-0 f6 6. d4 exd4 7. e5 c5 8. exf6 gxf6 9. Re1+ Be7 10. Nh4 Kf8 11. Qh5 Qe8 12. Qf3 Qd7 13. Re4 Qd5 14. c4 Qxc4 15. Bf4 Qd5 16. Nd2 f5 17. Bxc7 Nf6 18. Nxf5 Bxf5 19. Rf4 Qxf3 20. Nxf3 Bc2 21. Rc1 d3 22. Re1 Re8 23. Be5 Bd8 24. Bxf6 Rxe1+ 25. Nxe1 Bxf6 0-1

[Event "Niederoesterreich Landesliga 1819"]
[Site "Austria"]
[Date "2018.10.28"]
[Round "3.1"]
[White "Polak, Tomas"]
[Black "Schmidrathner, Christian"]
[Result "1-0"]
[WhiteElo "2503"]
[BlackElo "2080"]
[PlyCount "57"]
[EventDate "2018.09.30"]
[EventType "team-tourn"]
[EventRounds "11"]
[EventCountry "AUT"]
[SourceTitle "CBM 189 Extra"]
[Source "ChessBase"]
[SourceDate "2019.06.03"]
[SourceVersion "1"]
[SourceVersionDate "2019.06.03"]
[SourceQuality "1"]
[WhiteTeam "Stockerau"]
[BlackTeam "Bisamberg/Korneuburg"]
[WhiteTeamCountry "AUT"]
[BlackTeamCountry "AUT"]

1. Nf3 Nf6 2. d4 d6 3. c4 Nbd7 4. Nc3 e5 5. e4 Be7 6. Be2 0-0 7. 0-0 c6 8. Be3 a6 9. d5 cxd5 10. cxd5 Ne8 11. Rc1 g6 12. Bh6 Ng7 13. Qd2 f5 14. Ng5 Re8 15. exf5 gxf5 16. Ne6 Nxe6 17. dxe6 Nf8 18. Nd5 Nxe6 19. Bh5 f4 20. Qd3 Kh8 21. Bxe8 Qxe8 22. Nb6 Rb8 23. Nxc8 Rxc8 24. Qf5 Rxc1 25. Rxc1 Qg8 26. Kf1 b6 27. b4 a5 28. a3 axb4 29. axb4 1-0

[Event "AUT-chT2O 1718"]
[Site "Austria"]
[Date "2018.04.08"]
[Round "11.4"]
[White "Bachofner, Christian"]
[Black "Schmidrathner, Christian"]
[Result "1/2-1/2"]
[WhiteElo "1983"]
[BlackElo "2074"]
[PlyCount "50"]
[EventDate "2017.10.21"]
[EventType "team-tourn"]
[EventRounds "11"]
[EventCountry "AUT"]
[SourceTitle "EXT 2019"]
[Source "ChessBase"]
[SourceDate "2018.10.10"]
[SourceVersion "1"]
[SourceVersionDate "2018.10.10"]
[SourceQuality "1"]
[WhiteTeam "Nickelsdorf Blackburne"]
[BlackTeam "Pressbaum"]
[WhiteTeamCountry "AUT"]
[BlackTeamCountry "AUT"]

1. e4 c5 2. Nf3 d6 3. d4 cxd4 4. Nxd4 Nf6 5. Nc3 g6 6. Bc4 Bg7 7. f3 Nc6 8. Be3 0-0 9. Bb3 Bd7 10. Qd2 Rc8 11. 0-0-0 Nxd4 12. Bxd4 b5 13. g4 a5 14. a3 a4 15. Ba2 Qa5 16. g5 Nh5 17. Bxg7 Nxg7 18. Nd5 Qd8 19. h4 Be6 20. Kb1 Bxd5 21. Bxd5 Nh5 22. f4 Rc5 23. Qf2 e6 24. Ba2 Qc7 25. c3 Qc6 1/2-1/2

[Event "Niederoesterreich Landesliga 1718"]
[Site "Austria"]
[Date "2018.01.21"]
[Round "7.1"]
[White "Schmidrathner, Christian"]
[Black "Mikes, Jan"]
[Result "0-1"]
[WhiteElo "2074"]
[BlackElo "2233"]
[PlyCount "68"]
[EventDate "2017.10.01"]
[EventType "team-tourn"]
[EventRounds "11"]
[EventCountry "AUT"]
[SourceTitle "EXT 2019"]
[Source "ChessBase"]
[SourceDate "2018.10.10"]
[SourceVersion "1"]
[SourceVersionDate "2018.10.10"]
[SourceQuality "1"]
[WhiteTeam "Bisamberg/Korneuburg"]
[BlackTeam "Mistelbach"]
[WhiteTeamCountry "AUT"]
[BlackTeamCountry "AUT"]

1. e4 c5 2. Nf3 d6 3. d4 cxd4 4. Nxd4 Nf6 5. Nc3 a6 6. Bg5 Nbd7 7. f4 Qc7 8. Qf3 h6 9. Bh4 g5 10. fxg5 hxg5 11. Bxg5 Qc5 12. Be3 Ne5 13. Qe2 Nfg4 14. Bg1 Bh6 15. Nd5 Qa5+ 16. c3 e6 17. Nb3 Qd8 18. Bb6 exd5 19. Bxd8 Kxd8 20. g3 dxe4 21. Qxe4 Kc7 22. Be2 Bd7 23. Nd4 f5 24. Nxf5 Bxf5 25. Qxf5 Rae8 26. Qe4 Ne3 27. Rd1 N5c4 28. Qg6 Rhf8 29. Rg1 Re6 30. Qh7+ Kb8 31. Rd4 d5 32. b3 Nd6 33. Rg4 Rf7 34. Qg8+ Ka7 0-1

[Event "AUT-chT2O 1718"]
[Site "Austria"]
[Date "2018.01.13"]
[Round "6.6"]
[White "Leitner, Gerald"]
[Black "Schmidrathner, Christian"]
[Result "1-0"]
[WhiteElo "2138"]
[BlackElo "2074"]
[PlyCount "75"]
[EventDate "2017.10.21"]
[EventType "team-tourn"]
[EventRounds "11"]
[EventCountry "AUT"]
[SourceTitle "EXT 2019"]
[Source "ChessBase"]
[SourceDate "2018.10.10"]
[SourceVersion "1"]
[SourceVersionDate "2018.10.10"]
[SourceQuality "1"]
[WhiteTeam "Tschaturanga"]
[BlackTeam "Pressbaum"]
[WhiteTeamCountry "AUT"]
[BlackTeamCountry "AUT"]

1. d4 Nf6 2. c4 c5 3. d5 b5 4. cxb5 a6 5. bxa6 g6 6. Nc3 Bxa6 7. Nf3 d6 8. g3 Bg7 9. Bg2 0-0 10. 0-0 Nbd7 11. Qc2 Qa5 12. Rd1 Rfb8 13. h3 Ne8 14. Bd2 Nc7 15. Be1 Nb5 16. Ne4 Qb6 17. Rab1 Bb7 18. a4 Nc7 19. b4 Bxd5 20. bxc5 Qc6 21. Rxb8+ Rxb8 22. Nd4 Bxd4 23. Rxd4 f5 24. Rxd5 Nxd5 25. Nc3 e6 26. Nxd5 exd5 27. Qd3 Qxc5 28. Bxd5+ Kf8 29. Bd2 Ne5 30. Bh6+ Ke7 31. Qd2 Nf7 32. Be3 Qb4 33. Bg5+ Nxg5 34. Qxg5+ Kd7 35. Qe3 Rf8 36. Qa7+ Kd8 37. Be6 Qb1+ 38. Kh2 1-0

[Event "AUT-chT2O 1718"]
[Site "Austria"]
[Date "2017.10.22"]
[Round "2.6"]
[White "Schmidrathner, Christian"]
[Black "Dittel, Herbert"]
[Result "1/2-1/2"]
[WhiteElo "2074"]
[BlackElo "2064"]
[PlyCount "86"]
[EventDate "2017.10.21"]
[EventType "team-tourn"]
[EventRounds "11"]
[EventCountry "AUT"]
[SourceTitle "CBM 181 Extra"]
[Source "ChessBase"]
[SourceDate "2017.12.12"]
[SourceVersion "1"]
[SourceVersionDate "2017.12.12"]
[SourceQuality "1"]
[WhiteTeam "Pressbaum"]
[BlackTeam "Bad Voeslau"]
[WhiteTeamCountry "AUT"]
[BlackTeamCountry "AUT"]

1. e4 c5 2. Nf3 d6 3. d4 cxd4 4. Nxd4 Nf6 5. Nc3 a6 6. Bg5 e6 7. f4 Be7 8. Qf3 Qc7 9. 0-0-0 Nbd7 10. g4 b5 11. Bxf6 Nxf6 12. g5 Nd7 13. a3 Rb8 14. Na2 Nc5 15. Bh3 a5 16. Qc3 Qb6 17. Rhe1 b4 18. Qe3 bxa3 19. Qxa3 Nxe4 20. Rxe4 d5 21. Qc3 dxe4 22. Nc6 Ra8 23. Nxe7 Kxe7 24. Qxg7 Rf8 25. Qf6+ Ke8 26. Nc3 Bb7 27. Bf1 Bc6 28. f5 Rd8 29. fxe6 Rxd1+ 30. Nxd1 Qc7 31. e7 Rg8 32. Bc4 Qxe7 33. Qxc6+ Kf8 34. Qh6+ Rg7 35. Ne3 Qxg5 36. Qd6+ Ke8 37. Qc6+ Ke7 38. Qc7+ Ke8 39. Qc8+ Ke7 40. Qc7+ Ke8 41. Qc6+ Ke7 42. Kd2 Qf4 43. Qc5+ Kf6 1/2-1/2

[Event "AUT-chT2O 1617"]
[Site "Austria"]
[Date "2017.01.15"]
[Round "7.6"]
[White "Schmidrathner, Christian"]
[Black "Hansen, Kay"]
[Result "1-0"]
[WhiteElo "2084"]
[BlackElo "2139"]
[PlyCount "82"]
[EventDate "2016.10.15"]
[EventType "team-tourn"]
[EventRounds "11"]
[EventCountry "AUT"]
[SourceTitle "CBM 177 Extra"]
[Source "ChessBase"]
[SourceDate "2017.04.27"]
[SourceVersion "1"]
[SourceVersionDate "2017.04.27"]
[SourceQuality "1"]
[WhiteTeam "Pressbaum"]
[BlackTeam "Donaustadt"]
[WhiteTeamCountry "AUT"]
[BlackTeamCountry "AUT"]

1. e4 c6 2. d4 d5 3. e5 Bf5 4. Nc3 e6 5. g4 Bg6 6. Nge2 f6 7. exf6 gxf6 8. Nf4 Bf7 9. Qe2 Qe7 10. Nd3 Nd7 11. g5 Bg7 12. gxf6 Qxf6 13. Rg1 Ne7 14. Bg5 Qxd4 15. Rg4 Qb6 16. Na4 Qa6 17. Bxe7 Kxe7 18. Qd2 b5 19. Qb4+ c5 20. Naxc5 Nxc5 21. Qxc5+ Qd6 22. Qxd6+ Kxd6 23. Rxg7 Bg6 24. 0-0-0 Rhf8 25. Rd2 a5 26. Ne1 b4 27. Ng2 Be4 28. Ne1 Rf6 29. Bd3 Bxd3 30. Nxd3 Rh6 31. f4 Rh4 32. Rdg2 Rh6 33. b3 Ra6 34. Rf7 Ra8 35. Rgg7 Rxh2 36. Rd7+ Kc6 37. Rc7+ Kb5 38. Rb7+ Kc6 39. Rgc7+ Kd6 40. Rd7+ Kc6 41. Ne5+ Kc5 1-0

[Event "Niederoesterreich Landesliga 1516"]
[Site "Austria"]
[Date "2016.04.03"]
[Round "11.3"]
[White "Ehs, Dominik"]
[Black "Schmidrathner, Christian"]
[Result "1/2-1/2"]
[WhiteElo "2061"]
[BlackElo "2093"]
[PlyCount "31"]
[EventDate "2015.09.27"]
[EventType "team-tourn"]
[EventRounds "11"]
[EventCountry "AUT"]
[SourceTitle "EXT 2017"]
[Source "ChessBase"]
[SourceDate "2016.10.25"]
[SourceVersion "1"]
[SourceVersionDate "2016.10.25"]
[SourceQuality "1"]
[WhiteTeam "Mostarrichi"]
[BlackTeam "Bisamberg/Korneuburg"]
[WhiteTeamCountry "AUT"]
[BlackTeamCountry "AUT"]

1. e4 c5 2. Nf3 d6 3. d4 cxd4 4. Nxd4 Nf6 5. Nc3 g6 6. Be3 Bg7 7. f3 0-0 8. Qd2 Nc6 9. Bc4 Bd7 10. 0-0-0 Rc8 11. Bb3 Nxd4 12. Bxd4 b5 13. Nd5 Nxd5 14. Bxg7 Kxg7 15. Bxd5 a5 16. a3 1/2-1/2

[Event "Niederoesterreich Landesliga 1516"]
[Site "Austria"]
[Date "2016.01.24"]
[Round "7.2"]
[White "Khalakhan, Jurij"]
[Black "Schmidrathner, Christian"]
[Result "0-1"]
[WhiteElo "2236"]
[BlackElo "2093"]
[PlyCount "52"]
[EventDate "2015.09.27"]
[EventType "team-tourn"]
[EventRounds "11"]
[EventCountry "AUT"]
[SourceTitle "CBM 170 Extra"]
[Source "ChessBase"]
[SourceDate "2016.02.25"]
[SourceVersion "1"]
[SourceVersionDate "2016.02.25"]
[SourceQuality "1"]
[WhiteTeam "Litschau/Eisgarn"]
[BlackTeam "Bisamberg/Korneuburg"]
[WhiteTeamCountry "AUT"]
[BlackTeamCountry "AUT"]

1. e4 c5 2. Nf3 d6 3. d4 cxd4 4. Nxd4 Nf6 5. Nc3 g6 6. Be3 Bg7 7. f3 0-0 8. Qd2 Nc6 9. g4 Be6 10. Nxe6 fxe6 11. 0-0-0 Ne5 12. Be2 Rc8 13. h4 Qa5 14. Bh6 Rxc3 15. Bxg7 Rfc8 16. bxc3 Qa3+ 17. Kb1 Rc6 18. Ka1 Nxf3 19. Qe3 b5 20. Bxb5 Rxc3 21. Rd3 Rxd3 22. Bxd3 Qc3+ 23. Kb1 Nd2+ 24. Kc1 Nc4 25. Bxf6 exf6 26. Qxa7 Qa1# 0-1

[Event "AUT-chT2O 1516"]
[Site "Austria"]
[Date "2015.11.28"]
[Round "3.3"]
[White "Schmidrathner, Christian"]
[Black "Druckenthaner, Andreas"]
[Result "1/2-1/2"]
[WhiteElo "2078"]
[BlackElo "2314"]
[PlyCount "59"]
[EventDate "2015.10.17"]
[EventType "team-tourn"]
[EventRounds "11"]
[EventCountry "AUT"]
[SourceTitle "EXT 2017"]
[Source "ChessBase"]
[SourceDate "2016.10.25"]
[SourceVersion "1"]
[SourceVersionDate "2016.10.25"]
[SourceQuality "1"]
[WhiteTeam "Pressbaum"]
[BlackTeam "Austria"]
[WhiteTeamCountry "AUT"]
[BlackTeamCountry "AUT"]

1. e4 g6 2. d4 Bg7 3. f4 d6 4. Nf3 Bg4 5. Be2 Nf6 6. Nc3 0-0 7. 0-0 d5 8. e5 Ne4 9. Nxe4 dxe4 10. Ng5 Bxe2 11. Qxe2 Qxd4+ 12. Kh1 Rd8 13. Be3 Qa4 14. Bc5 Nc6 15. b3 Qa6 16. Qxa6 bxa6 17. Nxe4 f6 18. exf6 exf6 19. Rae1 f5 20. Ng5 Rd2 21. c4 Rxa2 22. Ne6 Bc3 23. Nxc7 Rc8 24. Re8+ Rxe8 25. Nxe8 Rb2 26. h3 Rxb3 27. Rd1 Bb4 28. Rd7 Bxc5 29. Nf6+ Kf8 30. Nxh7+ 1/2-1/2